书目信息 |
| 题名: |
设计透视方法
|
|
| 作者: | 盛建平 著 | |
| 分册: | ||
| 出版信息: | 北京 中国轻工业出版社 2008.01 |
|
| 页数: | 149页 | |
| 开本: | 26cm | |
| 丛书名: | ||
| 单 册: | ||
| 中图分类: | J062 | |
| 科图分类: | ||
| 主题词: | 透视学--tou shi xue--高等学校--教材 | |
| 电子资源: | ||
| ISBN: | 978-7-5019-6145-0 | |
| 000 | 01128nam0 2200253 450 | |
| 001 | 012008438622 | |
| 005 | 20080220104241.85 | |
| 010 | @a978-7-5019-6145-0@dCNY25.00 | |
| 100 | @a20080220d2008 em y0chiy0120 ea | |
| 101 | 0 | @achi |
| 102 | @aCN@b110000 | |
| 105 | @aa z 000yy | |
| 106 | @ar | |
| 200 | 1 | @a设计透视方法@Ashe ji tou shi fang fa@d= The method of perspective for design@f盛建平著@Fsheng jian ping zhu@zeng |
| 210 | @a北京@c中国轻工业出版社@d2008.01 | |
| 215 | @a149页@c图@d26cm | |
| 300 | @a高等学校工业设计专业教材 | |
| 330 | @a本书将工程学科知识从产品设计师的角度将在实用中的难点化整为零,娓娓道来,艺术地展现透视效果图的魅力,而且完全、严谨地渗进大学生应该掌握的核心知识,实事求是指出手绘透视的短长,并有一些专题来检验读者的理解力,最终能使读者去烦就简、轻巧快速地表现设计意图,但又详略得当、基本准确达意,与三维软件相辅相成,共同完成客户对造型、速度、效率的要求。 | |
| 510 | 1 | @aMethod of perspective for design@zeng |
| 606 | 0 | @a透视学@Atou shi xue@x高等学校@j教材 |
| 690 | @aJ062@v4 | |
| 701 | 0 | @a盛建平@Asheng jian ping@4著 |
| 801 | 0 | @aCN@bQSSK@c20080220 |
| 905 | @b281700-02@dJ062@eS473@f3 | |
| 设计透视方法= The method of perspective for design/盛建平著.-北京:中国轻工业出版社,2008.01 |
| 149页:图;26cm |
| 高等学校工业设计专业教材 |
| ISBN 978-7-5019-6145-0:CNY25.00 |
| 本书将工程学科知识从产品设计师的角度将在实用中的难点化整为零,娓娓道来,艺术地展现透视效果图的魅力,而且完全、严谨地渗进大学生应该掌握的核心知识,实事求是指出手绘透视的短长,并有一些专题来检验读者的理解力,最终能使读者去烦就简、轻巧快速地表现设计意图,但又详略得当、基本准确达意,与三维软件相辅相成,共同完成客户对造型、速度、效率的要求。 |
| ● |
| 相关链接 |
|
|
|
正题名:设计透视方法
索取号:J062/S473
 
预约/预借
| 序号 | 登录号 | 条形码 | 馆藏地/架位号 | 状态 | 备注 |
| 1 | 281700 | 202817005 | 社科库309/309社科库 64排1列3层/ [索取号:J062/S473] | 在馆 | |
| 2 | 281701 | 202817014 | 社科库309/309社科库 64排1列3层/ [索取号:J062/S473] | 在馆 | |
| 3 | 281702 | 202817023 | 社科库309/309社科库 64排1列3层/ [索取号:J062/S473] | 在馆 |